Joueurs français passés par l'Atletico De Madrid - Statistiques

Statistiques générales
  • Ce quiz a été pris 295 fois
    87 depuis la dernière actualisation
  • Le résultat moyen est 6 sur 16
Statistiques - réponses
Années Matchs Nom % Correct
2014-2019, 2021- 443 Antoine Griezmann
100%
2018- 186 Thomas Lemar
95%
2024- 35 Clément Lenglet
78%
2000-2001 16 Jean-François Hernandez
71%
2014-2019 110 Lucas Hernandez
71%
2015-2017 0 Théo Hernandez
71%
2016-2018 82 Kévin Gameiro
40%
2021 7 Moussa Dembélé
24%
2008-2009 11 Grégory Coupet
12%
2021-2022 0 Benjamin Lecomte
10%
2013-2014 7 Josuha Guilavogui
10%
2008-2009 57 Florent Sinama-Pongolle
8%
1983 0 Jean-François Larios
1%
1932-1933 0 Manuel Anatol
1%
1949-1951 79 Marcel Domingo
1%
2004-2007 100 Peter Luccin
1%
Aucun quiz correspondant
Distribution des résultats
% des personnes avec chaque résultat
Percentile par nombre de réponses
Votre historique - résultats
Vous n’avez pas pris ce quiz depuis la dernière actualisation